Taiwan Railway Taitung Line - Statistics

General Stats
  • This quiz has been taken 9 times
  • The average score is 23 of 27
Answer Stats
Hint Answer % Correct
6080 富里 Fuli
100%
6160 光復 Guangfu
100%
7000 花蓮 Hualien
100%
6250 吉安 Ji'an
100%
6020 鹿野 Luye
100%
6130 瑞穗 Ruisui
100%
6220 壽豐 Shoufeng
100%
6000 臺東 Taitung
100%
6170 萬榮 Wanrong
100%
6110 玉里 Yuli
100%
6240 志學 Zhixue
100%
6070 池上 Chishang
88%
6100 東里 Dongli
88%
6090 東竹 Dongzhu
88%
6180 鳳林 Fenglin
88%
6050 關山 Guanshan
88%
6060 海端 Haiduan
88%
6040 瑞和 Ruihe
75%
6030 瑞源 Ruiyuan
75%
6120 三民 Sanmin
75%
6150 大富 Dafu
63%
6140 富源 Fuyuan
63%
6200 林榮新光 Linrong Shin Kong
63%
6230 平和 Pinghe
63%
6010 山里 Shanli
63%
6210 豐田 Fengtian
50%
6190 南平 Nanping
50%
No matching quizzes found
Score Distribution
Percent of People with Each Score
Percentile by Number Answered
Your Score History
You have not taken this quiz